000 00350nam a22001217a 4500
999 _c915
_d915
005 20200819161812.0
008 200819b ||||| |||| 00| 0 eng d
020 _a22331
040 _cCML
245 _aCommunication and Comprehension.
_cTrenaman, J.M.
260 _aLondon
_bLongmans
_c1967
942 _2ddc
_cAUDIO
_e1st Edition
_h371
_mTRE